000 00558nam a2200205 a 4500
005 20210223123902.0
008 991125n 000 0 spa u
035 _aUPN01000077326
100 _aGAMEZ JIMENEZ, Luis
_932257
222 _aCOMUNICACION EDUCATIVA SEP
245 _aLa escuela rural definió sus propios senderos : II parte
300 _a7
362 _a1981 Año 2, no. 14 dic.
653 0 _aCALIDAD EDUCATIVA
653 0 _aEDUCACION PRIMARIA
653 0 _aESCUELA RURAL
653 0 _aSEP
904 _aAC
_b015137
905 _aArticulo
999 _c68132
_d68132